Datum a čas kvízu
13.5
Celkem bodů
Celkový počet nahraných bodů na tomto kvízu bez doplňovacích otázek.
7.
Pořadí na kvízu
Konečné umístění týmu na tomto kvízu.
Zaznamenané odpovědi
| # | Otázka | Odpověď | Body | Výsledky |
|---|---|---|---|---|
| 1. | Sociální demokraté si novým šé... | 0 | ||
| 2. | Nejmladší evropský stát Kosovo... | 0 | ||
| 3. | V Berlíně minulý týden začal d... | 0 | ||
| 4. | Německá vláda hodlá výrazně ro... | 0 | ||
| 5. | Senzační zlatá medaile Ester L... | 0.5 | ||
| 6. | Který z těchto členů skupiny P... | 1 | ||
| 7. | Otcem titána Oriona v řecké my... | 1 | ||
| 8. | Který z těchto výrobků nepatří... | 1 | ||
| 9. | Orion je kosmická loď vyvíjená... | 0 | ||
| 10. | Odrůda jablek Orion byla vyšle... | 1 |